Caracterización de propiedades de conectores para el diseño de conexiones de elementos de madera con materiales existentes en el mercado costarricense

Պահպանված է:
Մատենագիտական մանրամասներ
Հիմնական հեղինակ: Rodríguez Vargas, Pablo Andrés, 1998-
Այլ հեղինակներ: González Beltrán, Guillermo, 1974- Director del TFG
Ձևաչափ: Գիրք
Լեզու:Spanish
Հրապարակվել է: [San José], Costa Rica 2022.
Խորագրեր:
Ցուցիչներ: Ավելացրեք ցուցիչ
Չկան պիտակներ, Եղեք առաջինը, ով նշում է այս գրառումը!

MARC

LEADER 00000nam a2200000Ia 4500
003 013682
005 20230713150840.0
008 140116s2022 cr a 000 ||spa d
040 |c cru CEDI 
100 |a  Rodríguez Vargas, Pablo Andrés, 1998-  |9 957 
245 |a Caracterización de propiedades de conectores para el diseño de conexiones de elementos de madera con materiales existentes en el mercado costarricense 
260 |a  [San José], Costa Rica  |c 2022. 
500 |a  Proyecto de graduación (licenciatura en ingeniería civil)--Universidad de Costa Rica. Facultad de Ingeniería. Escuela de Ingeniería Civil 
501 |a Director de Proyecto de Graduación: Ing. Guillermo González Beltrán, Ph.D 
650 |x DISEÑO DE ESTRUCTURAS   |x ANALISIS ESTRUCTURAL (INGENIERIA)   |x JUNTAS (COMPONENTES ESTRUCTURALES)  |x CONSTRUCCIONES DE MADERA  
700 |9 219  |a González Beltrán, Guillermo, 1974-  |d Director del TFG 
942 |c CEDI  |h TFG 8833  |6 TFG_8833_000000000000000 
999 |c 13290  |d 13290